• 首页
  • 本馆介绍
  • 公告通知
  • 最新文献
  • 馆藏检索
  • 电子资源
  • 读者导购
  • 参考咨询
  • 我的图书馆
  • 登录
  • 详细信息显示
  • 放入我的书架
  • 预约/预借图书
  • 作者相关作品
  • 分类相关作品
  • 丛书相关作品
  • 出版社相关作品

书目信息

  • 表格格式
  • 工作单格式
  • 卡片格式
题名:
天外来客
    
 
作者: 徐伟彪 著
分册:  
出版信息: 北京   科学出版社  2021
页数: 167页
开本: 24cm
丛书名:
单 册:
中图分类: P185.83 , P185
科图分类:
主题词: 陨石--普及读物
电子资源:
ISBN: 978-7-03-069031-9
000 01101nam0 2200277 450
001 2146330091
005 20211117093951.39
010    @a978-7-03-069031-9@dCNY118.00
100    @a20210721d2021 em y0chiy50 ea
101 0  @achi
102    @aCN@b110000
105    @aa z 000yy
200 1  @a天外来客@9tian wai lai ke@e陨石@f徐伟彪等著
205    @a2版
210    @a北京@c科学出版社@d2021
215    @a167页@c彩图,彩照@d24cm
312    @a封面英文题名:From outer space meteorites
330    @a本书详细介绍了陨石的种类、重要特征和基础入门知识,汇集了各类陨石的科学鉴定标准,阐述了陨石的简单判断方法和科学鉴定步骤。本书包含了大量精美的陨石图片,点评了国内外著名陨石,介绍了如何通过外部特征来识别真假陨石、哪里可以找到陨石和怎样寻找陨石。最后本书引入陨石的收藏知识、陨石文创产品的开发利用。本书还展示了国内陨石藏家的精美藏品,供广大爱好者欣赏。
510 1  @aFrom outer space meteorites@zeng
517 1  @a陨石@9yun shi
606 0  @a陨石@j普及读物
690    @aP185.83@v5
690    @aP185@v4
701  0 @a徐伟彪@9xu wei biao@4著
801  0 @aCN@b山东中教@c20211112
905    @aZUCC@dP185@e9-2
    
    天外来客:陨石/徐伟彪等著.-2版.-北京:科学出版社,2021
    167页:彩图,彩照;24cm
    
    
    ISBN 978-7-03-069031-9:CNY118.00
    本书详细介绍了陨石的种类、重要特征和基础入门知识,汇集了各类陨石的科学鉴定标准,阐述了陨石的简单判断方法和科学鉴定步骤。本书包含了大量精美的陨石图片,点评了国内外著名陨石,介绍了如何通过外部特征来识别真假陨石、哪里可以找到陨石和怎样寻找陨石。最后本书引入陨石的收藏知识、陨石文创产品的开发利用。本书还展示了国内陨石藏家的精美藏品,供广大爱好者欣赏。
●
相关链接 在五车中查询图书 在当当中查询图书 在豆瓣中查询图书


正题名:天外来客     索取号:P185/9-2         预约/预借

序号 登录号 条形码 馆藏地/架位号 状态 备注
1 2000887095   2000887095   第三书库/ [索取号:P185/9-2] 在馆    
2 2000887096   2000887096   第三书库/ [索取号:P185/9-2] 在馆    
3 2000887097   2000887097   第三书库/ [索取号:P185/9-2] 在馆    
山东省滨州职业学院图书馆 欢迎您!
大连网信软件有限公司© 版权所有